Southville International School and Colleges
Your cart is empty.
  • Cart
  • Lists
    Public lists Eva Luna New books Lux_list list_1
    Your lists Log in to create your own lists
  • Log in to your account
  • Your cookies
  • Search history
Southville International School and Colleges
  • Advanced search
  • Recent comments
  • Most popular
  • Libraries

Log in to your account

Log in with GOOGLE


If you do not have an external account, but do have a local account, you can still log in:

  1. Home
  2. MARC view: Events management :
Normal view MARC view ISBD view

Events management : (Record no. 17099)

[ view plain ]
MARC details
000 -LEADER
fixed length control field 00849cam a22002898a 4500
001 - CONTROL NUMBER
control field 17024481
003 - CONTROL NUMBER IDENTIFIER
control field SISC
005 - DATE AND TIME OF LATEST TRANSACTION
control field 20160819125137.0
008 - FIXED-LENGTH DATA ELEMENTS--GENERAL INFORMATION
fixed length control field 111028s2012 nyu 000 0 eng
010 ## - LIBRARY OF CONGRESS CONTROL NUMBER
LC control number 2011043776
020 ## - INTERNATIONAL STANDARD BOOK NUMBER
International Standard Book Number 9780415577427
040 ## - CATALOGING SOURCE
Original cataloging agency DLC
Transcribing agency DLC
050 00 - LIBRARY OF CONGRESS CALL NUMBER
Classification number GT 3405
Item number .B63 2012
082 00 - DEWEY DECIMAL CLASSIFICATION NUMBER
Classification number 394.2068
100 1# - MAIN ENTRY--PERSONAL NAME
Personal name Bladen, Charles.
245 10 - TITLE STATEMENT
Title Events management :
Remainder of title an introduction /
Statement of responsibility, etc Charles Bladen...[et.al.].
250 ## - EDITION STATEMENT
Edition statement 1st edition.
260 ## - PUBLICATION, DISTRIBUTION, ETC. (IMPRINT)
Place of publication, distribution, etc New York :
Name of publisher, distributor, etc Routledge,
Date of publication, distribution, etc 2012.
263 ## - PROJECTED PUBLICATION DATE
Projected publication date 1202
300 ## - PHYSICAL DESCRIPTION
Extent 444 pages :
Other physical details ill. ;
Dimensions 24 cm.
500 ## - GENERAL NOTE
General note Includes bibliographical references and index.
650 #0 - SUBJECT ADDED ENTRY--TOPICAL TERM
Topical term or geographic name as entry element Special events
General subdivision Management.
906 ## - LOCAL DATA ELEMENT F, LDF (RLIN)
a 7
b cbc
c orignew
d 1
e ecip
f 20
g y-gencatlg
942 ## - ADDED ENTRY ELEMENTS (KOHA)
Source of classification or shelving scheme Library of Congress Classification
Koha item type Books
Call number prefix Foreign
Holdings
Withdrawn status Lost status Source of classification or shelving scheme Damaged status Home library Current library Shelving location Date acquired Total Checkouts Full call number Barcode Date last seen Copy number Price effective from Koha item type
    Library of Congress Classification   College Library College Library Reserve Section 10/04/2012   GT 3405 .B63 2012 C16245 05/15/2018 1 03/10/2014 Books

Events management :

APA

Bladen C., . (2012). Events management. New York: Routledge.

Chicago

Bladen Charles, . 2012. Events management. New York: Routledge.

Harvard

Bladen C., . (2012). Events management. New York: Routledge.

MLA

Bladen Charles, . Events management. New York: Routledge. 2012.

  • Place hold
  • Print
  • Cite
  • Add to your cart (remove)
  • Save record
    BIBTEX Dublin Core MARCXML MARC (non-Unicode/MARC-8) MARC (Unicode/UTF-8) MARC (Unicode/UTF-8, Standard) MODS (XML) RIS
  • More searches
    Search for this title in:
    Other Libraries (WorldCat) Other Databases (Google Scholar) Online Stores (Bookfinder.com) Open Library (openlibrary.org)

Exporting to Dublin Core...

SOUTHVILLE LIBRARY

Southville International School and Colleges Library

1281 Tropical Ave. Cor. Luxembourg St., BF Homes International, Las Pinas City

Tel. No. 8256374 / 252358 Loc. 117/146

Powered by Koha